=LDR 00000nam 2200000 4500 =001 INLIS000000000045560 =990 ##$$a 21421024 =005 20150205072556.0 =990 ##$$a 21421022 =006 =990 ##$$a 21421023 =007 =990 ##$$a 21421025 =008 =990 ##$$a 21421026 =020 ##$$a 978-979678-398-4 =990 ##$$a 21602973/BPAP-NTB/2017 =035 ##$$0010-021500000000120 =040 ##$$a NBPDMAT =082 ##$$a 551.46 =090 ##$$a551.46 $b Dew m =100 ##$$a Dewi Yuliana Astuti =245 ##$$a Menjelajah lauatan/ $c oleh Dewi Yuliana Astuti =260 ##$$a Bandung : $b Sarana panca Karya Nusa, $c 2011 =300 ##$$av,58 hlm. : $b ilus. ; $c 24 cm. =500 ##$$a Bibliografi : hlm. 57 =500 ##$$a Indeks : hlm. 58 =650 ##$$a Samudra =850 ##$$a NBPDMAT =990 ##$$a 21602973/BPAP-NTB/2017